000 00386cam a2200157ua 4500
041 _aeng
_h
082 _a828.09
_bBAT/EN
100 _aBateson, F W .
245 _aEnglish poetry: a critical introduction /
_cF W Bateson.
_hTextual Documents
250 _a2 /
_b.
260 _aLondon :
_bLongman ,
_c1966.
300 _a205 ; .
504 _a
942 _cBK
999 _c6825
_d6825